Supertécnicas de Inazuma Eleven - Estadísticas

Estadísticas generales
  • Esta prueba ha sido intentada 300 veces
    271 desde el último reinicio
  • La puntuación promedio es 72 de 251
Estadísticas de respuestas
Respuesta % Correcto
Mano celestial
96%
Tornado de fuego
88%
Mano mágica
87%
El muro
81%
Ventisca eterna
74%
Tormenta de fuego
72%
Remate dragón
71%
Torbellino
69%
Triángulo letal
69%
Cañón de meteoritos
68%
La montaña
66%
Sabiduría divina
66%
Fénix
65%
Espejismo
64%
Manos infinitas
63%
Despeje de fuego
62%
Aullido de lobo
60%
Barrido defensivo
60%
Mano celestial X
60%
Agujero de gusano
59%
Espejismo de balón
59%
Súper puño invencible
58%
Tornado dragón
58%
Excalibur
57%
Campo de fuerza
56%
Chut de los 100 toques
56%
Descenso estelar
56%
Hora celestial
56%
Remate del tigre
56%
Remate tsunami
56%
Torre inexpugnable
56%
Cabezazo megatón
54%
Despeje explosivo
54%
Mano ultradimensional
54%
Remate guiverno
54%
Trampolín relámpago
54%
Entrada huracán
52%
Destrozataladros
51%
Espada de odín
51%
Remate combinado
51%
Torbellino de fuego
51%
Tri pegaso
51%
Astro remate
50%
Campo torbellino
50%
Mano diabólica
50%
Tormenta del tigre
50%
Paisaje helado
49%
Colmillo de pantera
48%
Pingüino espacial
47%
Tornado oscuro
47%
Cortafuegos
46%
Parada celestial
46%
Pingüino emperador nº 2
45%
Círculo de espadas
44%
Fuego total
44%
Llamarada atómica
44%
Pingüino emperador nº 3
44%
Rompehielos
44%
La aurora
43%
Muralla infinita
43%
Puño de furia
43%
Tornado inverso
43%
Baile de llamas
42%
Baile de mariposas
42%
Balón iceberg
42%
Lanza de odín
42%
Pingüino emperador nº 1
42%
Súper trampolín relámpago
42%
Triángulo Z
42%
Ruptura relámpago
41%
Ángel de nieve
40%
Big bang
40%
Chut granada
40%
Corte giratorio
40%
Pingüino emperador X
40%
Supernova
40%
Tiro fantasma
40%
Golpe de vacío
39%
Mano espiritual
39%
Pájaro de fuego
39%
Corte volcánico
38%
Fénix oscuro
38%
Fuego helado
38%
Megadragón
38%
Muralla gigante
37%
Remate caótico
37%
Muralla tsunami
36%
Ventisca de fuego
36%
Bestia del trueno
35%
Danza del viento
35%
Mandíbulas dobles
35%
Súper pisotón de sumo
35%
Golpe de samba
34%
Giro bobina
33%
Remate celestial
33%
Remate de gaia
33%
Torre perfecta
33%
Lecho de rosas
32%
Tiro a reacción
32%
Ventisca guiverno
32%
Bola falsa
31%
El huracán
31%
Escudo de fuerza
31%
Gran tifón
31%
Muro de hierro
31%
Pisotón de sumo
31%
Agujero negro
30%
Remate pegaso
30%
Súper relámpago
29%
Bateo total
28%
Confusión
28%
Rayo de ganímedes
28%
Remate tarzán
28%
Combustión
27%
Megalodón
26%
Tiro giratorio
26%
Bola de fango
25%
Flecha divina
25%
Guardia del coliseo
25%
Escudo de fuerza total
24%
Gran lobo
24%
Gravitación
24%
Remate unicornio
24%
Parada de capoeira
23%
Bloque de hielo
22%
Constelación estelar
22%
Disparo con rebotes
22%
Megaterremoto
22%
Tiro cegador
22%
Tiro teledirigido
22%
Ciclón
21%
Disparo X
21%
Golpes de luz
21%
Gran barrera de coral
21%
Regate múltiple
21%
Torbellino dragón
21%
Lluvia de meteoros
20%
Remate triple
20%
Carrera a tres piernas
19%
Despeje de leñador
19%
El olvido
19%
Entrada tormenta
19%
Regate espejismo
19%
Remate en V
19%
Súper elástico
19%
Telaraña
19%
Tiro torre de osaka
19%
Caída a los infiernos
18%
Despeje cohete
18%
Muro dimensional
18%
Pase cruzado
18%
Patín aéreo
18%
Araña gigante
17%
Ataque de paladín
17%
Cabezazo kung fu
17%
Carrera relámpago
17%
Disparo cósmico
17%
Disparo rodante
17%
Espiral de distorsión
17%
Millón de manos
17%
Remate misil
17%
Remate serpiente
17%
Tormenta de arena
17%
Aikido
16%
Defensa múltiple
16%
Defensa triple
16%
Deslizamiento de portería
16%
Jaula de piedra
16%
Balón angelical
15%
Campo de fuerza defensivo
15%
Disparo valiente
15%
Giro de mono
15%
Granada doble
15%
Lanzallamas
15%
Pared solitaria
15%
Remate en espiral
15%
Subida a los cielos
15%
Tirachinas
15%
Muralla de escudos
14%
Prima donna
14%
Remate del águila
14%
Terremoto
14%
Torbellino trampolín
14%
Banana shot
13%
Carga negativa
13%
Corte diabólico
13%
Espada defensora
13%
Flash de fotones
13%
Puños voladores
13%
Rechace de fuego
13%
Superarmadillo
13%
Trama trama
13%
Zona sagrada
13%
Engaño torero
12%
Gran seísmo
12%
Remate de hielo
12%
Balón diabólico
11%
Bloque dureza
11%
Bloqueo doble
11%
Cañonazo
11%
Cañón de agua
11%
Tacón infernal
11%
Tormenta de pétalos
11%
Arcoiris luminoso
10%
Balón galgo
10%
Bomba falsa
10%
Mano celestial doble
10%
Llamarada infernal
9%
TIro espejismo
9%
Ultralunar
9%
Zig zag de fuego
9%
Amago de tiro
8%
Disparo dual
8%
Emboscada defensiva
8%
Remate múltiple
8%
Robo veloz
8%
Superaceleración
8%
Voltereta circense
8%
Bomba geyser
7%
Ciclón doble
7%
Escudo protector
7%
Estrella fugaz
7%
Flecha huracán
7%
Ícaro
7%
Lluvia oscura
7%
Patada canguro
7%
Técnica kung fu
7%
Tornado fénix
7%
Ataque cortante
6%
Ataque de cóndor
6%
Ataque de las sombras
6%
Dientes de roca
6%
Entrada de llamas
6%
Muralla infinita total
6%
Remate de seguridad
6%
Remate glass
6%
Súper espejismo de balón
6%
Bomba acrobática
5%
Entrada rodante
5%
Escudo corporal
5%
Patada kung fu
5%
Segadora
5%
Arrollador 3
4%
Mano celestial original
4%
Superbalón rodante
4%
Tornado combinado
4%
Zona de seguridad
4%
Remate topo
3%
Tiro cruzado
3%
Zig zag explosivo
3%
Evolución mano celestial
2%
No se encontraron pruebas coincidentes
Distribución de puntuación
Porcentaje de gente con cada puntuación
Porcentaje por número respondido
Historial de tus puntuaciones
No has intentado esta prueba desde el último reinicio